000 00632nam a2200241Ia 4500
003 OSt
005 20221005062459.0
006 a|||||r|||| 00| 0
007 ta
008 221004b |||||||| |||| 00| 0 eng d
024 _a61983
037 _cTextual
040 _aCRL
_cCRL
_beng
041 _2eng
_aeng
082 _aS:44, N0
100 _aMoustakas Clark
_921346
245 0 _aHeuristic research
_b Design, methodology and applications
260 _aLondon
_bSage
_c1990
300 _a130p.
_ccm.
650 _aPSYCHOLOGY
942 _hS:44, N0
_cTEXL
_2cc
999 _c969786
_d969786